Advances in Grouting and Ground Modification /

Bibliographic Details
Other Authors: Krizek, Raymond J., Sharp, Kevan
Format: eBook
Published: Reston, VA : American Society of Civil Engineers, 2000.
Series:Geotechnical Special Publications.
Subjects:
Online Access:Connect to the full text of this electronic book

MARC

Tag First Indicator Second Indicator Subfields
LEADER 00000cam a22000005u 4500
001 in00002786936
005 20190331170703.0
006 m o d
007 cr nn 008mam|a
008 000816t2000 gw fo || 0 0 |||||
020 |a 9780784405161 
035 |a (American Society of Civil Eng)10.1061/9780784405161 
040 |d UtOrBLW 
245 0 0 |a Advances in Grouting and Ground Modification /  |c Edited by Raymond J. Krizek, Kevan Sharp. 
264 1 |a Reston, VA :  |b American Society of Civil Engineers,  |c 2000. 
300 |a 1 online resource. 
336 |a text  |b txt  |2 rdacontent 
337 |a computer  |b c  |2 rdamedia 
338 |a online resource  |b cr  |2 rdacarrier 
490 1 |a Geotechnical Special Publications 
500 |a Electronic resource. 
653 |a Proceedings  |a Geo-Institute (G-I)  |a Geotechnics  |a Grouting and ground improvement  |a Available in Print 
655 7 |a Electronic books.  |2 local 
700 1 |a Krizek, Raymond J. 
700 1 |a Sharp, Kevan. 
730 0 |a ASCE Library. 
830 0 |a Geotechnical Special Publications. 
856 4 0 |u http://proxy.library.tamu.edu/login?url=http://ascelibrary.org/action/showBook?doi=10.1061%2F9780784405161  |z Connect to the full text of this electronic book  |t 0 
999 |a MARS 
999 f f |s cec8f8f7-4b25-35dc-b1fd-b3d12eb8d952  |i 5e0adb94-995d-3e34-8b6d-28cb0031827d  |t 0 
952 f f |a Texas A&M University  |b College Station  |c Electronic Resources  |d Available Online  |t 0  |h No information provided 
998 f f |t 0  |l Available Online